|
|
|
|
| LEADER |
00000nas a22000001a 4500 |
| 001 |
vtls010300211 |
| 003 |
SK-MaSNL |
| 005 |
20260228162755.0 |
| 008 |
110810d19391944xo qr p r 0 b0slo |
| 015 |
|
|
|a SNBDS17XX9999
|
| 015 |
|
|
|a 0268
|2 Fedor 1939-44
|
| 038 |
|
|
|a SNKBUDS
|
| 040 |
|
|
|a SNK
|b slo
|c SNK
|e AACR2
|
| 041 |
0 |
|
|a slo
|
| 044 |
|
|
|a xo
|c SK
|
| 245 |
0 |
0 |
|a Mariatál
|
| 260 |
|
|
|a Mariatál
|b Kongregácia Tešiteľov Božského Srdca
|c 1939-1944
|
| 300 |
|
|
|a 6 roč.
|c 24 x 17 cm
|
| 310 |
|
|
|a 4x ročne
|
| 362 |
0 |
|
|a Roč. I, č. 1 (1939)-roč. VI, č. 4 (1944)
|
| 500 |
|
|
|a [V tiráži] Mariánsky časopis pútnického miesta Mariatál. Zmena podnázvu: (roč. IV) Pútnický Časopis; (roč. V a VI) Časopis mariánskych pútnikov (obálka)
|
| 500 |
|
|
|a Vych. v Mariatáli štvrťročne
|
| 500 |
|
|
|a Zodp. red. Alfonz Jozef Nikolény
|
| 500 |
|
|
|a Maj. a nakl. Kongregácia Tešiteľov Božského Srdca v Mariatáli
|
| 500 |
|
|
|a Vyd. Kláštor Mariatál
|
| 500 |
|
|
|a Tlač. Kníhtlač. Andreja, Bratislava (I. roč.); Únia, Bratislava (od zač. II. roč.)
|
| 505 |
8 |
0 |
|g Roč. I. 1939 4 čís. po 24 s.
|
| 505 |
8 |
0 |
|g Roč. II. 1940 4 čís. po 24 s.
|
| 505 |
8 |
0 |
|g Roč. III. 1941 4 čís. po 24 s.
|
| 505 |
8 |
0 |
|g Roč. IV. 1942 4 čís. po 24 s.
|
| 505 |
8 |
0 |
|g Roč. V. 1943 4 čís. po 24 s.
|
| 505 |
8 |
0 |
|g Roč. VI. 1944 4 čís. po 24 s.
|
| 520 |
|
|
|a Náboženský (rím.-kat.) štvrťročník. Prinášal náboženské úvahy - meditácie, informácie, referáty o púťach, organizačné pokyny. Súčasne to bol aj časopis Kongregácie Tešiteľov. Vyhl. NÚZ 562 Úr. nov. z 29. 12. 1942 časopis mal zakázané používat papier a tlačiarenské práce, - čo však na vydávanie nemalo vplyv
|
| 650 |
0 |
7 |
|a náboženstvo
|2 SNKPH
|9 2023
|
| 655 |
|
7 |
|a misijné katolícke časopisy
|2 SNKBUDS
|9 272076
|
| 700 |
1 |
|
|a Nikolény, Alfonz Jozef
|4 pbd
|9 270821
|
| 710 |
2 |
|
|a Kongregácia Tešiteľov Božského Srdca
|e vydav.
|9 272077
|
| 710 |
1 |
|
|a Mariatál
|b kláštor
|e vydav.
|9 272078
|
| 710 |
2 |
|
|a Tlačový podnik Andrej, úč. spol. (Bratislava, Slovensko)
|9 269370
|
| 710 |
2 |
|
|a Únia, spoločnosť s r. o. (Bratislava)
|e tlač.
|9 269284
|
| 852 |
|
|
|a SNK
|b 10000
|h ČSC 363
|
| 852 |
|
|
|a UKB
|b 300000
|h 20 D 842
|
| 852 |
|
|
|a UKB
|b 300000
|h SD 1318
|
| 999 |
|
|
|c 8323
|d 10253
|